000 00301nam a22001337a 4500
008 170315b xxu||||| |||| 00| 0 eng d
020 _a9781259251818
041 _aeng
080 _214TH
_a591
100 _a7
101 _aSHM
245 _aHOLE'S HUMAN AANTOMY & PHYSIOLOGY
_cSHIER
942 _2udc
_cBK
999 _c7859
_d7859